Pablo picasso 1881-1973 : (Record no. 288876)
[ view plain ]
| 000 -LEADER | |
|---|---|
| fixed length control field | 00444nam a22001577a 4500 |
| 003 - CONTROL NUMBER IDENTIFIER | |
| control field | PILC |
| 005 - DATE AND TIME OF LATEST TRANSACTION | |
| control field | 20151028105733.0 |
| 008 - FIXED-LENGTH DATA ELEMENTS--GENERAL INFORMATION | |
| fixed length control field | 151028b xxu||||| |||| 00| 0 eng d |
| 020 ## - INTERNATIONAL STANDARD BOOK NUMBER | |
| International Standard Book Number | 9783822838143 |
| 050 ## - LIBRARY OF CONGRESS CALL NUMBER | |
| Classification number | ND 553 .W278 2007 pt.2 |
| 100 ## - MAIN ENTRY--PERSONAL NAME | |
| Personal name | Walther, Ingo F. |
| 245 ## - TITLE STATEMENT | |
| Title | Pablo picasso 1881-1973 : |
| Remainder of title | part II the works 1937-1973 |
| 260 ## - PUBLICATION, DISTRIBUTION, ETC. (IMPRINT) | |
| Place of publication, distribution, etc | USA |
| Name of publisher, distributor, etc | Taschen Gmbh |
| Date of publication, distribution, etc | 2007 |
| 300 ## - PHYSICAL DESCRIPTION | |
| Extent | 740 pages., |
| Other physical details | col.,ill.; |
| Dimensions | 26 cm. |
| 942 ## - ADDED ENTRY ELEMENTS (KOHA) | |
| Source of classification or shelving scheme | Library of Congress Classification |
| Koha item type | Books |
| Withdrawn status | Lost status | Source of classification or shelving scheme | Damaged status | Home library | Current library | Shelving location | Date acquired | Source of acquisition | Sub Shelving location | Total Checkouts | Full call number | Barcode | Date last seen | Price effective from | Koha item type |
|---|---|---|---|---|---|---|---|---|---|---|---|---|---|---|---|
| Library of Congress Classification | Luxembourg Library | Luxembourg Library | International Baccalaureate Section | 10/28/2015 | Library Fund | ND 553 .W278 2007 pt.2 | 15880 | 10/28/2015 | 10/28/2015 | Books |